00830nam a2200241 a 4500001001000000005001700010008004100027020001500068041000800083044000700091050002100098100002300119245010200142250000600244260003500250300004200285440006200327500003100389500004200420651003400462651005800496651003400554BRCA_439920190320204645.0901219s1995 mx-a#####b---#000-0#spa-# a9688425834 aspa amx 4aF1232b.L33 19951 aLabastida, Horacio10aReforma y república restauradab1823-1877cestudio histórico y selección Horacio Labastida. a3 aMéxicobM. A. Porrúac1995 a373 p.bil. (algunas a color)c28 cm. 0aDocumentos para la historia del México independientev2 aIncluye listado documental aColección Sonia Corcuera de Mancera 4aMéxicoxHistoriay1821-1861 4aMéxicoxHistoriayIntervención europea, 1861-1867 4aMéxicoxHistoriay1867-1910